ბათუმის შოთა რუსთაველის სახელმწიფო უნივერსიტეტის ბიბლიოთეკა

თხზულებანი ორ ტომად. ტ.2 (ბიბ.ჩანაწერი № 42982)

000 -LEADER
fixed length control field 00771nam a2200229Ia 4500
001 - CONTROL NUMBER
control field 9699
003 - CONTROL NUMBER IDENTIFIER
control field GE_BSU
008 - FIXED-LENGTH DATA ELEMENTS--GENERAL INFORMATION
fixed length control field 181216s||||||||xx |||||||||||||| ||und||
040 ## - CATALOGING SOURCE
Transcribing agency GE_BSU
080 ## - UNIVERSAL DECIMAL CLASSIFICATION NUMBER
Universal Decimal Classification number 821.353.1.09+821.353.1-4
100 ## - MAIN ENTRY--PERSONAL NAME
Personal name ნატროშვილი,გიორგი
245 ## - TITLE STATEMENT
Title თხზულებანი ორ ტომად. ტ.2
245 ## - TITLE STATEMENT
Remainder of title ტ.2:ნარკვევები
245 ## - TITLE STATEMENT
Statement of responsibility, etc. რედ:ლ.თურმანიძე;მხატვ:.დ.დუნდუა
260 ## - PUBLICATION, DISTRIBUTION, ETC.
Place of publication, distribution, etc. თბილისი.
260 ## - PUBLICATION, DISTRIBUTION, ETC.
Name of publisher, distributor, etc. მერანი.
260 ## - PUBLICATION, DISTRIBUTION, ETC.
Date of publication, distribution, etc. 1976.
300 ## - PHYSICAL DESCRIPTION
Extent 549გვ;21სმ.
653 ## - INDEX TERM--UNCONTROLLED
Uncontrolled term თხზულებანი ორ ტომად
653 ## - INDEX TERM--UNCONTROLLED
Uncontrolled term ნარკვევები
942 ## - ADDED ENTRY ELEMENTS (KOHA)
Koha item type წიგნი
ეგზემპლარები
Withdrawn status Lost status Damaged status Not for loan Date acquired Barcode Date last seen Price effective from Koha item type
        2018-12-17 32811 2018-12-17 2018-12-17 წიგნი